000 00310nam a2200133 i 4500
001 bg
100 1 _aKUJAWSKI, Daniel
245 0 _aTrwałość zmęczeniowa metali /
_cD. Kujawski.
260 _aWarszawa,
_c1991.
040 _cBPK
041 _apol
942 _cKS
008 s pl f |000 0 pol
999 _c4643
_d4643
856 _uhttp://koha.tu.koszalin.pl/cgi-bin/koha/opac-detail.pl?biblionumber=4643
_yKatalog online BPK